000 01024aam a2200301 4500
001 20538
003 CO-MdFUSB
005 20180622165149.0
008 170512t2009 xxu||||f |||| 00| 0 eng d
020 _a978-0-8028-6262-4
040 _aCO-MdFUSB
_bspa
_cCO-MdFUSB
_dCO-MdFUSBC
_erda
041 _aeng
082 _224
_aG 232.908
_bAL438h
100 1 _aAllison, Jr., Dale C.
_eautor
245 0 4 _aThe Historical Christ and the theological Jesus
_c/ Dale C. Allison, Jr.
264 1 _aGrand Rapids, Michigan :
_bWilliam B. Eerdmans Publishing,
_c℗2009
264 4 _c©2009
300 _a126 páginas
_b:
_c;
336 _2rdacontent
_a1
_ba1
337 _2rdamedia
_a2
_b5
338 _2rdacarrier
_a2
_b5
500 _aIncluye índices (p. 120-126)
505 0 0 _aEl problema de la utilidad teológica - Cuestiones disputadas - Cómo proceder - Algunas conclusiones difíciles - Algunas impresiones personales
563 _aRústico
650 7 _9239
_aCristología
942 _cBK
999 _c46889
_d46889